000 00722nam a2200253 a 4500
999 _c8410
_d8410
001 8410
003 (BD-JhCC)
005 20180224084725.0
008 930125s1966 enkabf b 001 0 eng d
035 _a(BD-JhCC)8410
040 _aDLC
_cWSU
_dSER
_dOCL
_dEQO
041 _aeng
050 0 _aDS377
_b.T3
082 _a915.49
_bTAY 1966
100 1 _aTayyeb, Ali.
245 1 0 _aPakistan :
_ba political geography /
_cA. Tayyeb
260 _aOxford University Press :
_bLondon,
_cc1966
300 _axvi, 250 p. :
_b2 plates, maps, tables ;
_c26 cm
504 _aIncludes bibliography: p.[234]-240
651 0 _aPakistan
_xBoundaries
651 0 _aPakistan
_xDescription and travel
942 _2ddc
_cBK